000 00311nam a2200133Ia 4500
008 200103s9999||||xx |||||||||||||| ||und||
040 _aIMU-MPC
082 _aColumn-42
100 _aBrien, Conor O.
245 0 _aAcross three oceans
260 _bRupert hart-Davis, London
_c1949
300 _a272
942 _cBK
999 _c8747
_d8747